000 01196cam a2200313 a 4500
001 1477576
005 20250124134020.0
008 870622s1987 waua b s001 0 eng c
020 _a0295965169
020 _a0295965177 (pbk.)
050 0 0 _aRA1247.R33
_bI53 1987
082 0 0 _a363.7/392
_219
245 0 0 _aIndoor radon and its hazards /
_ceditors: David Bodansky, Maurice A. Robkin, David R. Stadler ; contributing authors: David Bodansky ... [et al.].
260 _aSeattle :
_bUniversity of Washington Press,
_cc1987.
300 _aix, 147 p. :
_bill. ;
_c25 cm.
500 _aRevision of a report issued by the University of Washington's Environmental Radiation Studies Committee.
650 0 _aRadon
_xToxicology.
650 0 _aIndoor air pollution
_xHealth aspects.
650 0 _aRadon
_xEnvironmental aspects.
650 0 _aCarcinogenesis.
650 2 _aEnvironmental Pollutants
_xadverse effects.
650 2 _aLung Neoplasms
_xetiology.
650 2 _aRadon
_xadverse effects.
700 1 _aBodansky, David.
700 1 _aRobkin, M. A.
700 1 _aStadler, David R.
710 2 _aUniversity of Washington.
_bEnvironmental Radiation Studies Committee.
942 _2lcc
_cBK
_n0
999 _c3031
_d3031